00000000nam 22000008i 4500
0019.942477
003CaOODSP
00520251031142449
006m     o  d f      
007cr cn|||||||||
008240827t20242024oncab   ob   f000 0 eng d
020 |a9780660733517
040 |aCaOODSP|beng|erda|cCaOODSP
043 |an-cn-nt
0861 |aM183-2/9206E-PDF
1001 |aDesjardins, C., |eauthor.
24500|aInvestigations of ground ice in the Smoking Hills region, Northwest Territories : |bGEM-GeoNorth cretaceous black shales project, report of activities 2023 / |cC. Desjardins, I.R. Smith, D. Lacelle, and J. Gosse.
264 1|a[Ottawa] : |bGeological Survey of Canada, |c2024.
264 4|c©2024
300 |a1 online resource (16 pages) : |billustrations, maps.
336 |atext|btxt|2rdacontent
337 |acomputer|bc|2rdamedia
338 |aonline resource|bcr|2rdacarrier
4901 |aOpen file, |x2816-7155 ; |v9206
504 |aIncludes bibliographical references (pages 12-16).
650 0|aIce|zNorthwest Territories.
650 0|aPermafrost|zNorthwest Territories.
650 6|aGlace|zTerritoires du Nord-Ouest.
650 6|aPergélisols|zTerritoires du Nord-Ouest.
7102 |aGeological Survey of Canada, |eissuing body.
830#0|aOpen file (Geological Survey of Canada)|x2816-7155 ; |v9206.|w(CaOODSP)9.506878
85640|qPDF|s63.60 MB|uhttps://publications.gc.ca/collections/collection_2025/rncan-nrcan/m183-2/M183-2-9206-eng.pdf
8564 |qHTML|sN/A|uhttps://doi.org/10.4095/p6vfhd0p3h